Statistics for Japanese Empire

Click here to take the quiz!

General Stats

  • This quiz has been taken 25 times
  • The average score is 18 of 20

Answer Stats

Answer% Correct
China
100%
Indonesia
100%
Malaysia
100%
North Korea
100%
Philippines
100%
South Korea
100%
Taiwan
100%
Vietnam
100%
Cambodia
94%
Japan
94%
Laos
88%
Myanmar
88%
Papua New Guinea
88%
Singapore
88%
Thailand
88%
Brunei
81%
Timor-Leste
81%
Russia
69%
Micronesia
50%
Nauru
50%

Score Distribution

Percentile by Number Answered

Percent of People with Each Score

Your Score History

You have not taken this quiz